All 50 U.S. States Without A Map - Statistics

General Stats
  • This quiz has been taken 305 times
  • The average score is 44 of 50
Answer Stats
Answer % Correct
California
96%
Arkansas
95%
Alabama
94%
Alaska
94%
North Dakota
94%
Idaho
93%
Washington
93%
Florida
92%
New Mexico
92%
New York
92%
North Carolina
92%
South Dakota
92%
Arizona
91%
Colorado
91%
Ohio
91%
Oregon
91%
South Carolina
91%
Georgia
90%
Hawaii
90%
Maine
90%
Texas
90%
Illinois
89%
Kansas
89%
Wyoming
89%
Indiana
88%
Iowa
88%
Kentucky
88%
Michigan
88%
Mississippi
88%
Missouri
88%
New Hampshire
88%
Vermont
88%
Virginia
88%
Delaware
87%
West Virginia
87%
Louisiana
86%
Montana
86%
Nevada
86%
Tennessee
86%
Wisconsin
86%
Connecticut
85%
Massachusetts
84%
New Jersey
84%
Oklahoma
84%
Pennsylvania
83%
Rhode Island
83%
Utah
83%
Minnesota
82%
Maryland
80%
Nebraska
80%
No matching quizzes found
Score Distribution
Percent of People with Each Score
Percentile by Number Answered
Your Score History
You have not taken this quiz